U.S. Geography by Letter - K - Statistics

General Stats
  • This quiz has been taken 9,492 times
  • The average score is 10 of 20
Answer Stats
Clue Answer % Correct
State which has been called "flatter than a pancake" Kansas
98%
State known for bluegrass, bourbon, and horse breeding Kentucky
98%
Southernmost point in the contiguous 48 states {Key} West
94%
Alaska's largest island. A subspecies of bear is named for it. Kodiak
63%
Performing arts institution in Washington D.C. {Kennedy} Center
61%
City in Tennessee which hosted the 1982 World's Fair Knoxville
59%
County of New York state more commonly known as Brooklyn Kings
56%
One of the eight main islands of Hawaii Kauai
53%
Nickname of Pennsylvania The {Keystone} State
52%
City in Indiana which shares its name with a 1988 Beach Boys song Kokomo
47%
Nearest town to the above {Kitty} {Hawk}
45%
City with a funny name that is home to Western Michigan University Kalamazoo
40%
Seattle suburb which Costco's store brand is named for Kirkland
39%
Los Angeles neighborhood made famous during the Rodney King riots when store owners defended their property from rooftops {Korea}town
35%
Area on the western shore of Hawaii's Big Island known for coffee and the Ironman World Championship Kona
34%
City on the coast of Maine where the Bush family has an estate {Kennebunk}port
32%
Invasive species called "the vine that ate the South" Kudzu
24%
Where the Wright Brothers made their first flight in 1903 {Kill} {Devil} Hills
18%
Alaska's southernmost major settlement, it's also the rainiest city in the United States Ketchikan
17%
Largest city in northwestern Montana Kalispell
14%
No matching quizzes found
Score Distribution
Percent of People with Each Score
Percentile by Number Answered
Your Score History
You have not taken this quiz